Catholic University of Zimbabwe Library
Online Public Access Catalogue
(OPAC)

sisters of Henry VIII (Record no. 13199)

MARC details
000 -LEADER
fixed length control field 00482 a2200133 4500
245 ## - TITLE STATEMENT
Title sisters of Henry VIII
Remainder of title : the tumultuous lives of Margaret of Scotland and Mary of France
Medium print
020 ## - INTERNATIONAL STANDARD BOOK NUMBER
International Standard Book Number 0312242417
250 ## - EDITION STATEMENT
Edition statement 1st U.S. ed.
260 ## - PUBLICATION, DISTRIBUTION, ETC.
Place of publication, distribution, etc. nyu
Name of publisher, distributor, etc. St. Martin's Press
Date of publication, distribution, etc. 1999
084 ## -
-- DA784.3.M3 P47 1999
300 ## - PHYSICAL DESCRIPTION
Extent xvii, 266 p., [16] p. of plates : ill.
Other physical details 25 cm.
Dimensions xvii, 266 p., [16] p. of plates : ill. ; 25 cm.
500 ## - GENERAL NOTE
General note Maria Perry.

No items available.

OPENING HOURS

Weekdays: 0815hrs - 1800hrs
Weekends:0900hrs - 1200hrs

Closed for Mass:

Mon, Thur: 1200hrs - 1300hrs
Sunday & Public Holiday’s

CALL SUPPORT

0242-570570, 0242-570169
09200664, +263 8644140602

LOCATION

18443, Cranborne Avenue, Hatfield, Harare

Other Links


©2021 | CUZ Library